000 00403nam a2200121 a 4500
008 120416s1983 ||||||||||||||||| || u
050 _aPR 6052.A66C39
100 _aBarry, Jane
245 1 4 _aThe Cavendish face
260 _aLondon
_bCollins
_c1983
350 _a0.00
995 _D0.00
_FCBU-MAIN LIBRARY (Kitwe)
_H1
_I9.50
_M1
_UAVAILABLE
_ZFiction Collection
999 _c36875
_d36875